00941nab a22002177a 4500003000400000005001700004008004100021040000700062100002700069245011100096260007300207300001500280500007100295505008900366650002900455650003000484650001700514650002000531650004000551773013200591OSt20251226213352.0190603e xxum|||| |||| 00| 0 spa d cPJ aKalemkerian, Fernando 10aApuntes sobre la indexación y la cosa juzgada a propósito del fallo "Barrios" /cFernando Kalemkerian. cCiudad Autónoma de Buenos Aires :aThomson Reuters La Ley, b2025. ap. 195-198 aCita: TR LALEY AR/DOC/1047/2025 Publicado en: RCCyC 2025 (junio). t¿Te interesa el texto completo? Solicitalo al correo: koha@justierradelfuego.gov.ar 0aCODIGO CIVIL Y COMERCIAL 0aACTUALIZACIÓN MONETARIA 0aCOSA JUZGADA 0aSENTENCIA FIRME 0aOBLIGACIONES DE DAR SUMAS DE DINERO0 02713dCiudad Autónoma de Buenos Aires : Thomson Reuters La Ley, 2015-tRevista Código Civil y Comercial. Nº 3 - Junio 2025